01030 a2200193 4500001000700000020001800007041000800025082001100033100002200044250001000066300001100076520052100087521000700608856002400615040002500639245008600664260004800750700003800798117266 a9788574069067 apor aSK 028 aFranco, Blandina. a1.ed. a[s.p.] aO Pum tem essa mania de escapar por aí. Quando a gente menos espera, lá vai o Pum fazendo o maior barulho e uma grande confusão! Depois de aprontar com a Meleca do irmão e com o Piriri do vizinho, o que será que vai acontecer quando o Pum escapar bem na hora do banho? Feito de material impermeável e macio, este livro pode ser lido para bebês e crianças até mesmo embaixo do chuveiro ou dentro da banheira. Ao final da história, os leitores vão descobrir se o Pum finalmente ficou cheirosinho. aSK u000029/000029f9.jpg aBR-BrIDEAcBR-BrIDEA10aSoltei o Pum na banheiracBlandina Franco; ilustrações de José Carlos Lollo aSão PaulobCompanhia das Letrinhasc2020 aLollo, José Carlos.eIlustrador